Second Course in Political Science (Record no. 228401)
[ view plain ]
| 000 -LEADER | |
|---|---|
| fixed length control field | 00413nam a22001577a 4500 |
| 005 - DATE AND TIME OF LATEST TRANSACTION | |
| control field | 20230821150626.0 |
| 008 - FIXED-LENGTH DATA ELEMENTS--GENERAL INFORMATION | |
| fixed length control field | 230821b ||||| |||| 00| 0 eng d |
| 040 ## - CATALOGING SOURCE | |
| Transcribing agency | AL |
| 041 ## - LANGUAGE CODE | |
| Language code of text/sound track or separate title | eng |
| 082 ## - DEWEY DECIMAL CLASSIFICATION NUMBER | |
| Edition number | 23 |
| Classification number | 320 |
| Item number | WADS |
| 100 ## - MAIN ENTRY--PERSONAL NAME | |
| Personal name | Wadhwani and others |
| 100 ## - MAIN ENTRY--PERSONAL NAME | |
| 9 (RLIN) | 130378 |
| 245 ## - TITLE STATEMENT | |
| Title | Second Course in Political Science |
| 650 ## - SUBJECT ADDED ENTRY--TOPICAL TERM | |
| Topical term or geographic name entry element | Political Science |
| 9 (RLIN) | 130379 |
| 700 ## - ADDED ENTRY--PERSONAL NAME | |
| Personal name | WADHWANI and others |
| 9 (RLIN) | 130380 |
| 942 ## - ADDED ENTRY ELEMENTS (KOHA) | |
| Source of classification or shelving scheme | Dewey Decimal Classification |
| Koha item type | Book |
| Withdrawn status | Lost status | Source of classification or shelving scheme | Damaged status | Not for loan | Collection code | Home library | Current library | Date acquired | Total Checkouts | Full call number | Barcode | Date last seen | Price effective from | Koha item type |
|---|---|---|---|---|---|---|---|---|---|---|---|---|---|---|
| Discarded | Dewey Decimal Classification | Political Science | St Aloysius Library | St Aloysius Library | 08/21/2023 | 320 WADS | 036240 | 08/21/2023 | 08/21/2023 | Book | ||||
| Discarded | Dewey Decimal Classification | Political Science | St Aloysius Library | St Aloysius Library | 08/21/2023 | 320 WADS | 036241 | 08/21/2023 | 08/21/2023 | Book |